Countries with ABC - Statistics

General Stats
  • This quiz has been taken 97 times
    11 since last reset
  • The average score is 4 of 7
Answer Stats
Country % Correct
Cambodia
73%
Democratic Republic of the Congo
64%
Dominican Republic
64%
Cabo Verde
45%
Central African Republic
45%
Colombia
45%
Cuba
45%
No matching quizzes found
Score Distribution
Percent of People with Each Score
Percentile by Number Answered
Your Score History
You have not taken this quiz since the last reset